| 000 | 00553 a2200253 4500 | ||
|---|---|---|---|
| 240 | _aCours de biochimie structurale : 2. les acides nucléiques | ||
| 260 | _aLyon | ||
| 630 | _a57 - Biologie | ||
| 037 | _b4, Achat | ||
| 650 | _a5 - SCIENCES EXACTES ET NATURELLES | ||
| 100 | _aLouisot, Pierre | ||
| 260 | _bSimep Editions | ||
| 300 | _a43 p. | ||
| 650 | _aBiochimie | ||
| 260 | _c1969 | ||
| 300 | _b27cm | ||
| 100 | _lFr | ||
| 037 | _a6273 | ||
| 037 | _a11533 | ||
| 037 | _a14167 | ||
| 037 | _a14169 | ||
| 999 |
_c41607 _d41607 |
||